ঢাকা বিশ্ববিদ্যালয়ের জ্ঞাগর্ভে যখন জন্মেছি / (Record no. 14489)
[ view plain ]
| 000 -LEADER | |
|---|---|
| fixed length control field | 00984nam a22002297a 4500 |
| 001 - CONTROL NUMBER | |
| JCCL Control Number | 14489 |
| 003 - CONTROL NUMBER IDENTIFIER | |
| JCCL marc code | BD-JhCC |
| 005 - DATE AND TIME OF LATEST TRANSACTION | |
| control field | 20251211123555.0 |
| 008 - FIXED-LENGTH DATA ELEMENTS--GENERAL INFORMATION | |
| fixed length control field | 251211b |||||||| |||| 00| 0 eng d |
| 020 ## - INTERNATIONAL STANDARD BOOK NUMBER | |
| International Standard Book Number | 9789845200424 |
| 035 ## - SYSTEM CONTROL NUMBER | |
| system control number | (BD-JhCC) 14489 |
| 040 ## - CATALOGING SOURCE | |
| Original cataloging agency | BD-JhCC |
| Modifying agency | BD-JhCC |
| 041 ## - LANGUAGE CODE | |
| Language code of Book | বাংলা |
| 082 ## - DEWEY DECIMAL CLASSIFICATION NUMBER | |
| DDC Edition number | 23 |
| Classification number | 378.547 |
| Author mark and Year | AZA 2022 |
| 100 ## - MAIN ENTRY--PERSONAL NAME | |
| Personal name | আজম,শফিকুল |
| 245 ## - TITLE STATEMENT | |
| Title | ঢাকা বিশ্ববিদ্যালয়ের জ্ঞাগর্ভে যখন জন্মেছি / |
| Statement of responsibility, etc | শফিকুল আজম |
| 260 ## - PUBLICATION, DISTRIBUTION, ETC. (IMPRINT) | |
| Place of publication, distribution, etc | ঢাকাঃ |
| Name of publisher, distributor, etc | রিদম প্রকাশনা সংস্থা, |
| Date of publication, distribution, etc | ২০২২ |
| 300 ## - PHYSICAL DESCRIPTION | |
| Pagination | ৩৩৬ পৃ.; |
| Other physical details | চিত্রাবলী সংযোজিত, |
| Dimensions | ২২ সেমি. |
| Accompanying material | পেপার বাইণ্ডিং |
| 650 ## - SUBJECT ADDED ENTRY--TOPICAL TERM | |
| Topical term or geographic name as entry element | স্মৃতিকথা / আত্মজৈবনিক |
| 650 ## - SUBJECT ADDED ENTRY--TOPICAL TERM | |
| Topical term or geographic name as entry element | ঢাকা বিশ্ববিদ্যালয় |
| 942 ## - ADDED ENTRY ELEMENTS (KOHA) | |
| Source of classification or shelving scheme | Dewey Decimal Classification |
| Koha item type | Books |
| Source of classification or shelving scheme | Damaged status | Not for loan | Collection code | Home library | Current library | Shelving location | Date of accession | Total Checkouts | Full call number | Barcode | Date last seen | Copy number | Method of acquisition | Koha item type | Currency |
|---|---|---|---|---|---|---|---|---|---|---|---|---|---|---|---|
| Dewey Decimal Classification | Non-fiction | JCC Rouf Library | JCC Rouf Library | General Stacks | 378.547 AZA 2022 | 20375 | 12/11/2025 | C-1 | Purchase | Books | BDT | ||||
| Dewey Decimal Classification | Non-fiction | JCC Rouf Library | JCC Rouf Library | General Stacks | 378.547 AZA 2022 | 20376 | 12/11/2025 | C-2 | Purchase | Books | BDT |